Loading...
| Social Science | 0 | 1 | 0 | 0 | 10 | 97 | 97.00 | 0 | 1 | 2.02 | 10.71 |
| Religion | 0 | 1 | 0 | 0 | 10 | 47 | 47.00 | 1 | 1 | 5.88 | 10.00 |
| Science - Chemistry | 0 | 1 | 0 | 0 | 10 | 99 | 99.00 | 1 | 1 | 0.00 | 10.00 |
| Current Events | 0 | 1 | 0 | 0 | 10 | 109 | 109.00 | 0 | 1 | 0.00 | 6.25 |
| Literature - American | 0 | 1 | 0 | 0 | 10 | 52 | 52.00 | 0 | 1 | 5.52 | 7.50 |
| Literature - European | 0 | 1 | 0 | 0 | 10 | 119 | 119.00 | 0 | 1 | 0.63 | 5.00 |
| Popular Culture | 0 | 1 | 0 | 0 | 10 | 61 | 61.00 | 0 | 1 | 7.75 | 4.17 |
| Literature - World | 0 | 0 | 0 | 0 | 0 | 0.00 | 0 | 0 | 0.00 | 0.00 | |
| Fine Arts - Classical Music | 0 | 0 | 1 | 0 | -5 | 0.00 | 0 | 0 | 0.00 | 0.00 | |
| Science - Biology | 0 | 0 | 1 | 0 | -5 | 0.00 | 0 | 0 | 0.00 | 0.00 |